| 000 | 00572nam a22001817a 4500 | ||
|---|---|---|---|
| 003 | DO-SdBNP | ||
| 005 | 20171124084004.0 | ||
| 008 | 171124b mx||||| |||| 00| 0 spa d | ||
| 040 |
_aBPMSU _bspa _cBPMSU |
||
| 100 | _aRosenstein, Allen B, | ||
| 245 |
_aLas comunicaciones en la ingenieria / _cAllen B. Rosenstein ; Robert R. Rathbone ; William F. Schneerer |
||
| 260 |
_aMéxico : _bHerrero Hermanos, Sucesores _c1970 |
||
| 300 |
_a161 p. _bil. _c23 cm |
||
| 700 | _aRathbone, Robert R. | ||
| 700 | _aSchneerer, William F. | ||
| 942 |
_2ddc _cBK |
||
| 956 |
_adgarcia _b10 |
||
| 999 |
_c13060 _d13060 |
||